Biggest US Cities Without an E - Statistics

General Stats
  • This quiz has been taken 66 times
  • The average score is 39 of 80
Answer Stats
Population State City % Correct
2,716,450 Illinois Chicago
96%
685,094 Massachusetts Boston
94%
1,341,075 Texas Dallas
94%
2,312,717 Texas Houston
94%
884,363 California San Francisco
94%
463,347 Florida Miami
92%
950,715 Texas Austin
91%
280,257 Florida Orlando
87%
308,626 Missouri St. Louis
87%
486,290 Georgia Atlanta
85%
258,612 New York Buffalo
83%
643,648 Oklahoma Oklahoma City
83%
1,511,946 Texas San Antonio
83%
301,301 Ohio Cincinnati
81%
693,972 District of Columbia Washington
81%
879,170 Ohio Columbus
79%
194,058 Georgia Columbus
79%
863,002 Indiana Indianapolis
79%
647,805 Oregon Portland
79%
488,943 Missouri Kansas City
77%
152,938 Kansas Kansas City
77%
302,407 Pennsylvania Pittsburgh
77%
385,430 Florida Tampa
77%
874,168 Texas Fort Worth
74%
166,965 Mississippi Jackson
72%
535,677 Arizona Tucson
72%
306,621 Minnesota St. Paul
68%
466,893 Nebraska Omaha
64%
401,800 Oklahoma Tulsa
64%
464,474 Colorado Colorado Springs
62%
284,736 Nebraska Lincoln
62%
350,395 Hawaii Honolulu
60%
425,195 California Oakland
58%
210,710 Alabama Birmingham
57%
255,214 Wisconsin Madison
57%
227,032 Virginia Richmond
57%
390,591 Kansas Wichita
55%
267,743 North Carolina Durham
53%
366,623 Colorado Aurora
49%
200,965 Illinois Aurora
49%
325,605 Texas Corpus Christi
47%
244,703 Virginia Norfolk
45%
197,846 Ohio Akron
43%
140,371 Ohio Dayton
43%
396,394 Texas Arlington
42%
199,826 Texas Amarillo
40%
286,143 Texas Plano
40%
136,436 Texas Waco
40%
197,166 Georgia Augusta
38%
198,829 Michigan Grand Rapids
38%
146,444 Georgia Savannah
38%
176,888 South Dakota Sioux Falls
34%
213,418 Washington Tacoma
32%
334,136 California Santa Ana
30%
179,139 Tennessee Chattanooga
28%
240,373 Texas Irving
28%
253,888 Texas Lubbock
28%
165,080 Colorado Fort Collins
23%
152,663 Georgia Macon
23%
310,496 California Stockton
23%
270,471 California Chula Vista
19%
238,002 Texas Garland
19%
210,037 California Oxnard
17%
147,051 Illinois Rockford
17%
165,904 North Carolina Cary
15%
177,286 Texas Frisco
11%
136,089 Texas Midland
11%
167,836 California Corona
9%
153,627 Florida Hollywood
9%
210,888 California Santa Clarita
9%
175,269 California Santa Rosa
9%
211,815 California Fontana
6%
160,500 California Hayward
6%
140,328 Florida Miramar
6%
175,841 California Ontario
6%
177,452 California Rancho Cucamonga
6%
157,596 California Salinas
6%
135,710 Texas Carrollton
4%
152,939 California Pomona
4%
136,978 Colorado Thornton
2%
No matching quizzes found
Score Distribution
Percent of People with Each Score
Percentile by Number Answered
Your Score History
You have not taken this quiz